|
|
|
|
| LEADER |
02125nam a2200529 i 4500 |
| 001 |
nkc20172884735 |
| 003 |
CZ PrNK |
| 005 |
20170427135619.0 |
| 007 |
ta |
| 008 |
170309s2016 xr a f 000 0 cze |
| 015 |
|
|
|a cnb002884735
|
| 020 |
|
|
|a 978-80-7394-626-5
|q (brožováno)
|
| 035 |
|
|
|a (OCoLC)987021915
|
| 040 |
|
|
|a BOA001
|b cze
|e rda
|
| 041 |
0 |
|
|a cze
|b cze
|b eng
|
| 043 |
|
|
|a e-xr---
|
| 072 |
|
7 |
|a 658
|x Řízení a správa podniku
|2 Konspekt
|9 4
|
| 080 |
|
|
|a 658.14/.17
|2 MRF
|
| 080 |
|
|
|a 657
|2 MRF
|
| 080 |
|
|
|a 631.11
|2 MRF
|
| 080 |
|
|
|a (437.3)
|2 MRF
|
| 080 |
|
|
|a (048.8:082)
|2 MRF
|
| 100 |
1 |
|
|a Nývltová, Kristýna,
|d 1990-
|7 mzk2017945860
|4 aut
|
| 245 |
1 |
0 |
|a Zemědělské závody z pohledu účetnictví, financování a dalších disciplín :
|b ve vazbě na GAJU 149/2014/S: "Ekonomické dopady legislativních změn v oblasti financí, účetnictví a daní" /
|c Kristýna Nývltová, Jindřiška Kouřilová, Jarmila Rybová
|
| 264 |
|
1 |
|a V Českých Budějovicích :
|b Ekonomická fakulta, Jihočeská univerzita,
|c 2016
|
| 300 |
|
|
|a 113, viii stran :
|b barevné ilustrace ;
|c 25 cm
|
| 336 |
|
|
|a text
|b txt
|2 rdacontent
|
| 337 |
|
|
|a bez média
|b n
|2 rdamedia
|
| 338 |
|
|
|a svazek
|b nc
|2 rdacarrier
|
| 504 |
|
|
|a Obsahuje bibliografii
|
| 546 |
|
|
|a České a anglické resumé
|
| 650 |
0 |
7 |
|a finance podniku
|7 ph172935
|2 czenas
|
| 650 |
0 |
7 |
|a účetnictví
|7 ph116911
|z Česko
|2 czenas
|
| 650 |
0 |
7 |
|a zemědělské podniky
|7 ph116764
|z Česko
|2 czenas
|
| 650 |
0 |
9 |
|a business finance
|2 eczenas
|
| 650 |
0 |
9 |
|a accounting
|z Czechia
|2 eczenas
|
| 650 |
0 |
9 |
|a agricultural enterprises
|z Czechia
|2 eczenas
|
| 655 |
|
7 |
|a kolektivní monografie
|7 fd501537
|2 czenas
|
| 655 |
|
9 |
|a collective monographs
|2 eczenas
|
| 700 |
1 |
|
|a Kouřilová, Jindra,
|d 1947-
|7 mzk2003169998
|4 aut
|
| 700 |
1 |
|
|a Rybová, Jarmila
|7 mzk2003169999
|4 aut
|
| 910 |
2 |
|
|a BOA001
|b 2-1386.219
|
| 928 |
9 |
|
|a Jihočeská univerzita v Českých Budějovicích, Ekonomická fakulta
|
| 990 |
|
|
|a BK
|
| 995 |
|
|
|a 01
|
| 991 |
|
|
|b 201703
|c NOV
|
| 996 |
6 |
|
|b 2610700726
|c 2-1386.219
|l MZK
|r Sklad / do 1 hodiny
|n 0
|p p.v.
|w 001603181
|u 000010
|a 1
|e BOA001
|j MZK50
|s P
|